000 00418nam a2200181Ia 4500
001 4067
005 20260306145728.0
008 260306t2003||||xx |||||||||||||| ||spa||
041 _aESP
082 _a306.85
_bH12 Nº 30
100 _aCueto, Candi del
_eAUT
245 0 _aTu hija de 12 años
260 _c2003
300 _a232 páginas :
_c19 cm.
650 _aGEN
654 _aCED
942 _cLIB
_dJUS
_fJUS
_2ddc
_n
999 _c4067
_d4067